000 00294nam a22001337a 4500
008 180827b xxu||||| |||| 00| 0 eng d
020 _a9780781718691
041 _aeng
080 _a615.83
100 _a8
101 _aEKZ
245 _aPHYSICAL EXAMINATION
_cBICKLEY.L.S
942 _2udc
_cBK
999 _c47332
_d47332